<?xml version="1.0" encoding="UTF-8"?>
<record
    xmlns:xsi="http://www.w3.org/2001/XMLSchema-instance"
    xsi:schemaLocation="http://www.loc.gov/MARC21/slim http://www.loc.gov/standards/marcxml/schema/MARC21slim.xsd"
    xmlns="http://www.loc.gov/MARC21/slim">

  <leader>02200nam a2200361 a 4500</leader>
  <controlfield tag="001">000045731</controlfield>
  <controlfield tag="003">DO-SdBNP</controlfield>
  <controlfield tag="005">20170919121551.0</controlfield>
  <controlfield tag="007">000045731</controlfield>
  <controlfield tag="008">150508s1994    dr a          000 0 spa d</controlfield>
  <datafield tag="040" ind1=" " ind2=" ">
    <subfield code="a">BPMSU</subfield>
    <subfield code="b">spa</subfield>
    <subfield code="c">BPMSU</subfield>
  </datafield>
  <datafield tag="092" ind1=" " ind2=" ">
    <subfield code="a">330.97203</subfield>
    <subfield code="b">D238e</subfield>
  </datafield>
  <datafield tag="100" ind1="1" ind2=" ">
    <subfield code="a">Dauhajre, Andr&#xE9;s</subfield>
  </datafield>
  <datafield tag="245" ind1="1" ind2="0">
    <subfield code="a">Estabilizaci&#xF3;n, apertura y pobreza en la Rep&#xFA;blica Dominicana :</subfield>
    <subfield code="b">1986-1992 /</subfield>
    <subfield code="c">Andr&#xE9;s Dauhajre, Jos&#xE9; Ach&#xE9;car Chupani y Anne Swindale.</subfield>
  </datafield>
  <datafield tag="260" ind1=" " ind2=" ">
    <subfield code="a">Santo Domingo :</subfield>
    <subfield code="b">Fundaci&#xF3;n Econom&#xED;a y Desarrollo,</subfield>
    <subfield code="c">1994.</subfield>
  </datafield>
  <datafield tag="300" ind1=" " ind2=" ">
    <subfield code="a">xiii, 238 p. :</subfield>
    <subfield code="b">il. ;</subfield>
    <subfield code="c">23 cm.</subfield>
  </datafield>
  <datafield tag="500" ind1=" " ind2=" ">
    <subfield code="a">Incluye referencias bibliogr&#xE1;ficas y notas al pie de las p&#xE1;ginas.</subfield>
  </datafield>
  <datafield tag="505" ind1="0" ind2=" ">
    <subfield code="a">Resumen de resultados --</subfield>
    <subfield code="t">Distribuci&#xF3;n del ingreso --</subfield>
    <subfield code="t">Indigencia y pobreza --</subfield>
    <subfield code="t">La mujer y la pobreza --</subfield>
    <subfield code="t">La ni&#xF1;ez y la pobreza --</subfield>
    <subfield code="t">Estado civil de los pobres --</subfield>
    <subfield code="t">Educaci&#xF3;n y pobreza --</subfield>
    <subfield code="t">El subsidio al gas propano y los pobres --</subfield>
    <subfield code="t">El diferencial del petr&#xF3;leo y los pobres --</subfield>
    <subfield code="t">Protecci&#xF3;n al arroz y los pobres --</subfield>
    <subfield code="t">El aceite comestible y los pobres --</subfield>
    <subfield code="t">El azucar y los pobres --</subfield>
    <subfield code="t">Otros alimentos y los pobres --</subfield>
    <subfield code="t">Fuentes de ingreso de los dominicanos --</subfield>
    <subfield code="t">Estabilizaci&#xF3;n economica y reforma estructural: 1990-1992 --</subfield>
    <subfield code="t">Encuesta de ingresos y gasto de 1992 --</subfield>
    <subfield code="t">Distribuci&#xF3;n el ingreso --</subfield>
    <subfield code="t">Pobreza e indigencia --</subfield>
    <subfield code="t">Perfil de la indigencia y la pobreza --</subfield>
    <subfield code="t">Los subsidios generalizados y los pobres --</subfield>
    <subfield code="t">Fuentes de ingreso de los dominicanos --</subfield>
    <subfield code="t">Destino del gasto de los dominicanos --</subfield>
    <subfield code="t">Adecuaci&#xF3;n cal&#xF3;rica y proteica --</subfield>
    <subfield code="t">Graficas y tablas --</subfield>
  </datafield>
  <datafield tag="650" ind1=" " ind2=" ">
    <subfield code="a">POBREZA</subfield>
    <subfield code="x">ESTAD&#xCD;STICAS</subfield>
    <subfield code="z">REP&#xDA;BLICA DOMINICANA</subfield>
  </datafield>
  <datafield tag="650" ind1=" " ind2=" ">
    <subfield code="a">ESTABILIZACI&#xD3;N ECON&#xD3;MICA</subfield>
    <subfield code="z">REP&#xDA;BLICA DOMINICANA</subfield>
  </datafield>
  <datafield tag="650" ind1=" " ind2=" ">
    <subfield code="a">DISTRIBUCION DEL INGRESO</subfield>
    <subfield code="z">REP&#xDA;BLICA DOMINICANA</subfield>
    <subfield code="x">ESTAD&#xCD;STICAS</subfield>
  </datafield>
  <datafield tag="651" ind1=" " ind2=" ">
    <subfield code="a">REP&#xDA;BLICA DOMINICANA</subfield>
    <subfield code="v">ESTAD&#xCD;STICAS</subfield>
    <subfield code="x">CONDICIONES ECON&#xD3;MICAS</subfield>
    <subfield code="y">1961-</subfield>
  </datafield>
  <datafield tag="651" ind1=" " ind2=" ">
    <subfield code="a">REP&#xDA;BLICA DOMINICANA</subfield>
    <subfield code="x">POL&#xCD;TICA COMERCIAL</subfield>
  </datafield>
  <datafield tag="700" ind1="1" ind2="2">
    <subfield code="a">Ach&#xE9;car Chupani, Jos&#xE9;</subfield>
  </datafield>
  <datafield tag="700" ind1="1" ind2="2">
    <subfield code="a">Swindale, Anne</subfield>
  </datafield>
  <datafield tag="910" ind1=" " ind2=" ">
    <subfield code="a">Validado. Control de calidad MFF</subfield>
  </datafield>
  <datafield tag="930" ind1=" " ind2="1">
    <subfield code="l"> </subfield>
    <subfield code="m"> </subfield>
    <subfield code="8"> </subfield>
    <subfield code="f"> </subfield>
    <subfield code="p"> </subfield>
    <subfield code="g"> </subfield>
    <subfield code="h"> </subfield>
  </datafield>
  <datafield tag="942" ind1=" " ind2=" ">
    <subfield code="2">ddc</subfield>
    <subfield code="c">BK</subfield>
  </datafield>
  <datafield tag="945" ind1=" " ind2=" ">
    <subfield code="a">Inventariado / 2017 VM</subfield>
  </datafield>
  <datafield tag="952" ind1=" " ind2=" ">
    <subfield code="0">0</subfield>
    <subfield code="1">0</subfield>
    <subfield code="2">ddc</subfield>
    <subfield code="4">0</subfield>
    <subfield code="7">0</subfield>
    <subfield code="8">CD</subfield>
    <subfield code="a">BPMET</subfield>
    <subfield code="b">BPMET</subfield>
    <subfield code="d">2015-11-26</subfield>
    <subfield code="e">Donado Fundaci&#xF3;n Econom&#xED;a y Desarrollo </subfield>
    <subfield code="l">0</subfield>
    <subfield code="o">330.97293  D238e</subfield>
    <subfield code="p">BPMSU15110498</subfield>
    <subfield code="r">2015-11-26</subfield>
    <subfield code="w">2015-11-26</subfield>
    <subfield code="y">BK</subfield>
  </datafield>
  <datafield tag="952" ind1=" " ind2=" ">
    <subfield code="0">0</subfield>
    <subfield code="1">0</subfield>
    <subfield code="2">ddc</subfield>
    <subfield code="4">0</subfield>
    <subfield code="7">0</subfield>
    <subfield code="8">CD</subfield>
    <subfield code="a">BPMET</subfield>
    <subfield code="b">BPMET</subfield>
    <subfield code="d">2015-11-26</subfield>
    <subfield code="e">Donado Fundaci&#xF3;n Econom&#xED;a y Desarrollo</subfield>
    <subfield code="l">0</subfield>
    <subfield code="o">330.97293  D238e</subfield>
    <subfield code="p">BPMSU15110499</subfield>
    <subfield code="r">2015-11-26</subfield>
    <subfield code="t">e.2</subfield>
    <subfield code="w">2015-11-26</subfield>
    <subfield code="y">BK</subfield>
  </datafield>
  <datafield tag="952" ind1=" " ind2=" ">
    <subfield code="0">0</subfield>
    <subfield code="1">0</subfield>
    <subfield code="2">ddc</subfield>
    <subfield code="4">0</subfield>
    <subfield code="7">0</subfield>
    <subfield code="8">CD</subfield>
    <subfield code="a">BPMET</subfield>
    <subfield code="b">BPMET</subfield>
    <subfield code="d">2015-11-26</subfield>
    <subfield code="e">Donado Fundaci&#xF3;n Econom&#xED;a y Desarrollo</subfield>
    <subfield code="l">0</subfield>
    <subfield code="o">330.97293  D238e</subfield>
    <subfield code="p">BPMSU15110500</subfield>
    <subfield code="r">2015-11-26</subfield>
    <subfield code="t">e. 3</subfield>
    <subfield code="w">2015-11-26</subfield>
    <subfield code="y">BK</subfield>
  </datafield>
  <datafield tag="956" ind1=" " ind2=" ">
    <subfield code="a"> </subfield>
    <subfield code="b"> </subfield>
    <subfield code="c"> </subfield>
    <subfield code="l"> </subfield>
    <subfield code="h"> </subfield>
  </datafield>
  <datafield tag="956" ind1=" " ind2=" ">
    <subfield code="a"> </subfield>
    <subfield code="b"> </subfield>
    <subfield code="c"> </subfield>
    <subfield code="l"> </subfield>
    <subfield code="h"> </subfield>
  </datafield>
  <datafield tag="956" ind1=" " ind2=" ">
    <subfield code="a">VMATEO</subfield>
    <subfield code="b">10</subfield>
    <subfield code="c">20150806</subfield>
    <subfield code="l">BPMSU</subfield>
    <subfield code="h">00151</subfield>
  </datafield>
  <datafield tag="999" ind1=" " ind2=" ">
    <subfield code="c">8103</subfield>
    <subfield code="d">8103</subfield>
  </datafield>
</record>
